Most Popular Dog Breeds Quiz Stats

 Plays Quiz Updated Jul 19, 2018

Score 0/30 Timer 07:00
7 Plays Today
Rank Dog Breed % Correct
1Labrador Retrievers
93.7%
7Poodles
79.8%
3Golden Retriever
67.5%
4Bulldogs (English and American)
61.9%
5Beagles
58.4%
2German Shepherd Dog
56.8%
30Chihuahuas
50.3%
23Havanese Dogs
49.5%
14Great Danes
46.8%
20Shih Tzu
43.9%
12Siberian Huskies
43.5%
29Cocker Spaniels
42.9%
9Yorkshire Terriers
41.8%
10Boxers
41.7%
15Doberman Pinschers
41.6%
Rank Dog Breed % Correct
8Rottweilers
37%
13Dachshunds
35.7%
22Pomeranians
31.6%
18Pembroke Welsh Corgis
26.1%
27Bernese Mountain Dogs
25.1%
21Boston Terriers
22.5%
28Mastiffs
21%
17Miniature Schnauzers
19.6%
26English Springer Spaniel
18.2%
11German Shorthaired Pointers
17.5%
16Australian Shepherds
14.9%
24Shetland Sheepdogs
14.1%
6French Bulldogs
13.7%
19Cavalier King Charles Spaniel
11.5%
25Brittanys
7%

You're not logged in!

Compare scores with friends on all Sporcle quizzes.
OR
Log In

Sporcle TV

Today on Sporcle TV


Watch our educational content, quiz creation guides, and fun videos on Sporcle TV.

Show Comments

Extras

Top Quizzes Today


Score Distribution

Your Account Isn't Verified!

In order to create a playlist on Sporcle, you need to verify the email address you used during registration. Go to your Sporcle Settings to finish the process.

Report this User

Report this user for behavior that violates our Community Guidelines.

Details: